UBT Library

Super staying power : (Record no. 500)

000 -LEADER
fixed length control field 00562nam a22002057a 4500
005 - DATE AND TIME OF LATEST TRANSACTION
control field 20140726082705.0
008 - FIXED-LENGTH DATA ELEMENTS--GENERAL INFORMATION
fixed length control field 090723s2010 nyu 001 0 eng
020 ## - INTERNATIONAL STANDARD BOOK NUMBER
International Standard Book Number 9780071637169
024 #0 - OTHER STANDARD IDENTIFIER
Standard number or code eng
080 ## - UNIVERSAL DECIMAL CLASSIFICATION NUMBER
Universal Decimal Classification number 159.947.5
100 1# - Rafti
Rafti Seiden, Jason.
245 10 - TITLE STATEMENT
Title Super staying power :
Statement of responsibility, etc Jason Seiden.
250 ## -
-- 1 st.ed.;
260 ## -
-- New York :
-- McGraw-Hill,
-- 2010.
300 ## -
-- 196 f. ;
-- 23 cm.
500 ## -
-- Index f. 191-196
650 #0 -
-- Motivimi
650 #0 -
-- Puna
942 ## - ADDED ENTRY ELEMENTS (KOHA)
Source of classification or shelving scheme
Item type Books
Holdings
Withdrawn status Lost status Source of classification or shelving scheme Damaged status Not for loan Collection code Permanent location Current location Shelving location Date acquired Total Checkouts Full call number Barcode Date last seen Koha item type Price effective from
          Koleksioni i përgjithshem UBT - Ferizaj UBT - Ferizaj Koleksioni i përgjithshem 07/26/2014   159.947.5 SEI 003000704 07/26/2014 Books  
          Koleksioni i përgjithshem UBT - Ferizaj UBT - Ferizaj Koleksioni i përgjithshem 07/26/2014   159.947.5 SEI 003000705 07/26/2014 Books  
          Koleksioni i përgjithshem UBT - Ferizaj UBT - Ferizaj Koleksioni i përgjithshem 07/26/2014   159.947.5 SEI 003000706 07/26/2014 Books  
          Koleksioni i përgjithshem UBT - Ferizaj UBT - Ferizaj Koleksioni i përgjithshem 07/26/2014   159.947.5 SEI 003000707 07/26/2014 Books  
          Koleksioni i përgjithshem UBT - Ferizaj UBT - Ferizaj Koleksioni i përgjithshem 07/26/2014   159.947.5 SEI 003000708 07/26/2014 Books  
          Koleksioni i përgjithshem UBT - Ferizaj UBT - Ferizaj Koleksioni i përgjithshem 07/26/2014   159.947.5 SEI 003000709 07/26/2014 Books  
          Koleksioni i përgjithshem UBT - Ferizaj UBT - Ferizaj Koleksioni i përgjithshem 07/26/2014   159.947.5 SEI 003000710 07/26/2014 Books  
          Koleksioni i përgjithshem UBT - Ferizaj UBT - Ferizaj Koleksioni i përgjithshem 07/26/2014   159.947.5 SEI 003000711 07/26/2014 Books  
          Koleksioni i përgjithshem UBT - Ferizaj UBT - Ferizaj Koleksioni i përgjithshem 07/26/2014   159.947.5 SEI 003000712 07/26/2014 Books  
          Koleksioni i përgjithshem UBT - Ferizaj UBT - Ferizaj Koleksioni i përgjithshem 07/26/2014   159.947.5 SEI 003000713 07/26/2014 Books  
          Koleksioni i përgjithshem UBT - Lipjan UBT - Lipjan Koleksioni i përgjithshem 06/04/2015   159.947.5 SEI 002-008396 06/04/2015 Books  
          Koleksioni i përgjithshem UBT - Lipjan UBT - Lipjan Koleksioni i përgjithshem 10/19/2015   159.947.5 SEI 002-008400 10/19/2015 Books 10/19/2015
          Koleksioni i përgjithshem UBT - Lipjan UBT - Lipjan Koleksioni i përgjithshem 10/19/2015   159.947.5 SEI 002-008401 10/19/2015 Books 10/19/2015
          Koleksioni i përgjithshem UBT - Lipjan UBT - Lipjan Koleksioni i përgjithshem 10/20/2015   159.947.5 SEI 002-008426 10/20/2015 Books 10/20/2015
UBT Library © 2015-2024. All rights reserved University Education for Business and Technology